An alternative road to the post-petroleum era : (Record no. 56777)
[ view plain ]
| 000 -LEADER | |
|---|---|
| fixed length control field | 01034nam a2200289 a 4500 |
| 001 - CONTROL NUMBER | |
| control field | 56777 |
| 003 - CONTROL NUMBER IDENTIFIER | |
| rucl marc code | BD-RjUL |
| 005 - DATE AND TIME OF LATEST TRANSACTION | |
| control field | 20211209080431.0 |
| 008 - FIXED-LENGTH DATA ELEMENTS--GENERAL INFORMATION | |
| fixed length control field | 161204s1980 dcuaf b 000 0 eng |
| 020 ## - INTERNATIONAL STANDARD BOOK NUMBER | |
| Terms of availability | $5.00 (pbk.) |
| 035 ## - SYSTEM CONTROL NUMBER | |
| System control number | (BD-RjUL)56901 |
| 040 ## - CATALOGING SOURCE | |
| Original cataloging agency | DLC |
| Transcribing agency | DLC |
| Modifying agency | BD-RjUL |
| Language of cataloging | eng |
| 041 ## - LANGUAGE CODE | |
| Language code of text/sound track or separate title | eng |
| 082 00 - DEWEY DECIMAL CLASSIFICATION NUMBER | |
| Classification number | 333.79 |
| Edition number | 23 |
| Author mark and year | HOA 1980 |
| 100 1# - MAIN ENTRY--PERSONAL NAME | |
| Personal name | Howe, James W. |
| 9 (RLIN) | 168841 |
| 245 13 - TITLE STATEMENT | |
| Title | An alternative road to the post-petroleum era : |
| Remainder of title | North-South cooperation / |
| Statement of responsibility, etc. | James W. Howe, James J. Tarrant. |
| 260 ## - PUBLICATION, DISTRIBUTION, ETC. (IMPRINT) | |
| Place of publication, distribution, etc. | [Washington, D.C.] : |
| Name of publisher, distributor, etc. | Overseas Development Council, |
| Date of publication, distribution, etc. | 1980. |
| 300 ## - PHYSICAL DESCRIPTION | |
| Pagination | 74 p., [1] leaf of plates : |
| Illustrations | ill. ; |
| Size | 23 cm. |
| 490 1# - SERIES STATEMENT | |
| Series statement | Monograph - Overseas Development Council ; no. 14 |
| 504 ## - BIBLIOGRAPHY, ETC. NOTE | |
| Bibliography, etc | Includes bibliographical references. |
| 650 #0 - SUBJECT ADDED ENTRY--TOPICAL TERM | |
| Topical term or geographic name as entry element | Energy policy. |
| 9 (RLIN) | 168842 |
| Topical term or geographic name as entry element | International economic relations. |
| 9 (RLIN) | 168843 |
| 700 1# - ADDED ENTRY--PERSONAL NAME | |
| Personal name | Tarrant, James J., |
| Relator term | joint author. |
| 830 #0 - SERIES ADDED ENTRY--UNIFORM TITLE | |
| Uniform title | Monograph (Overseas Development Council) ; |
| Volume number/sequential designation | no. 14. |
| 942 ## - ADDED ENTRY ELEMENTS (KOHA) | |
| Source of classification or shelving scheme | Dewey Decimal Classification |
| Koha item type | Books |
| Lost status | Source of classification or shelving scheme | Damaged status | Not for loan | Collection code | Permanent Location | Current Location | Shelving location | Date acquired | Source of acquisition | Total Checkouts | Full call number | Date last seen | Copy number | Koha item type |
|---|---|---|---|---|---|---|---|---|---|---|---|---|---|---|
| Dewey Decimal Classification | Not For Loan | Non-fiction | Central Library, University of Rajshahi | Central Library, University of Rajshahi | Reading Room | 22/07/1985 | Zeitlinger | 333.79 HOA 1980 | 04/12/2016 | C-1 | Books |